[Event "Rottach Egern Seniors Cup 12th"]
[Site "Rottach Egern"]
[Date "2024.04.09"]
[Round "4"]
[White "Simmon, Norbert"]
[Black "Rabinovych, Myron"]
[Result "1/2-1/2"]
[WhiteElo "1702"]
[BlackElo "1777"]
[PlyCount "104"]
[EventDate "2024.04.06"]
[EventType "swiss"]
[EventRounds "9"]
[EventCountry "GER"]
[SourceTitle "CB16_2024"]
[SourceDate "2024.04.17"]
[SourceVersion "1"]
[SourceVersionDate "2024.04.17"]
[SourceQuality "1"]

1. g3 d5 2. d4 Bf5 3. Bg2 e6 4. Nf3 c5 5. c4 Bxb1 6. Rxb1 Qa5+ 7. Bd2 Qxa2 8. cxd5 exd5 9. 0-0 Nf6 10. b3 Qa6 11. Qc2 Qc6 12. Ne5 Qe6 13. e4 Nc6 14. exd5 Nxd5 15. Rfe1 Nxd4 16. Qe4 Rd8 17. b4 b6 18. f4 Be7 19. Ra1 Qf5 20. Qxf5 Nxf5 21. bxc5 Bxc5+ 22. Kh1 0-0 23. Rxa7 Nde3 24. Bxe3 Nxe3 25. Bc6 Rd1 26. Rxd1 Nxd1 27. Rd7 Ne3 28. Rd3 Nc2 29. Rd7 Nb4 30. Bb5 Ra8 31. Bc4 Nc2 32. Bxf7+ Kf8 33. Bb3 Ne3 34. h3 Ra1+ 35. Kh2 Nf1+ 36. Kg2 Ne3+ 37. Kf3 Nf1 38. Rd3 Ke7 39. Ke4 Ra3 40. Nc4 Ra1 41. Kd5 Re1 42. Kc6 Kf6 43. Ne5 h5 44. Nd7+ Ke7 45. Nxc5 bxc5 46. Kxc5 Re3 47. Rxe3+ Nxe3 48. Bd5 Kf6 49. Be4 Nf1 50. g4 g5 51. f5 Ne3 52. Bf3 Nxf5 1/2-1/2

[Event "Bad Wiessee Seniors op"]
[Site "Bad Wiessee"]
[Date "2012.04.21"]
[Round "1"]
[White "Teichmeister, Sven"]
[Black "Rabinovych, Myron"]
[Result "1-0"]
[WhiteElo "1933"]
[BlackElo "1569"]
[PlyCount "87"]
[EventDate "2012.04.21"]
[EventType "swiss"]
[EventRounds "9"]
[EventCountry "GER"]
[SourceTitle "EXT 2015"]
[Source "ChessBase"]
[SourceDate "2014.11.20"]
[SourceVersion "1"]
[SourceVersionDate "2014.11.20"]
[SourceQuality "1"]

1. e4 Nc6 2. d4 d5 3. exd5 Qxd5 4. Be3 e5 5. Nc3 Bb4 6. a3 Bxc3+ 7. bxc3 Nf6 8. Nf3 Ng4 9. Be2 Nxe3 10. fxe3 0-0 11. 0-0 Qa5 12. c4 Qc3 13. Qd3 Qxd3 14. cxd3 Bg4 15. Rab1 Rab8 16. d5 Bxf3 17. Bxf3 Na5 18. Rb4 b6 19. Rd1 Nb7 20. d4 e4 21. Be2 Nd6 22. Rdb1 Nf5 23. Kf2 Ne7 24. Bd1 f5 25. Bc2 Rbd8 26. Ke2 c6 27. dxc6 Nxc6 28. R4b2 Rc8 29. Rc1 Rf6 30. Bb3 Kf8 31. Rbc2 Na5 32. Ba2 Ke7 33. c5 Rfc6 34. Bd5 R6c7 35. Kd2 Nb7 36. cxb6 Rxc2+ 37. Rxc2 Rxc2+ 38. Kxc2 axb6 39. Bxb7 g5 40. g4 Kf6 41. gxf5 Kxf5 42. Bc8+ Kf6 43. Kd2 h5 44. h3 1-0